The cult of death (Record no. 1816)

MARC details
000 -LEADER
fixed length control field 00585 a2200181 4500
010 ## - LIBRARY OF CONGRESS CONTROL NUMBER
LC control number ENG-85236
020 ## - INTERNATIONAL STANDARD BOOK NUMBER
International Standard Book Number 8170544991
Terms of availability 400.00
035 ## - SYSTEM CONTROL NUMBER
System control number EN-68769
082 14 - DEWEY DECIMAL CLASSIFICATION NUMBER
Classification number 809
090 ## - LOCALLY ASSIGNED LC-TYPE CALL NUMBER (OCLC); LOCAL CALL NUMBER (OCLC)
-- 1848
-- 1848
100 1# - MAIN ENTRY--PERSONAL NAME
Personal name Kanchan Mala
245 1# - TITLE STATEMENT
Title The cult of death
Statement of responsibility, etc by Kanchan Mala
Remainder of title a critical study of H. Hemingway
260 ## - PUBLICATION, DISTRIBUTION, ETC. (IMPRINT)
Place of publication, distribution, etc New Delhi
Name of publisher, distributor, etc Classical Publishing
Date of publication, distribution, etc 2006.
300 ## - PHYSICAL DESCRIPTION
Extent vi, 170 p.
Dimensions 22 cm. (Hb)
500 ## - GENERAL NOTE
General note Includes bibliographical references
942 ## - ADDED ENTRY ELEMENTS (KOHA)
Institution code [OBSOLETE] dpl
Koha item type English Books
Call number prefix 809 / KAN
Holdings
Withdrawn status Lost status Source of classification or shelving scheme Damaged status Not for loan Collection code Home library Current library Source of acquisition Cost, normal purchase price Total Checkouts Full call number Barcode Date last seen Copy number Uniform Resource Identifier Cost, replacement price Price effective from Koha item type
    Dewey Decimal Classification   Not For Loan Non-fiction D.B.Act.Division D.B.Act.Division DBAD/PUB 400.00   809 KAN EN-68769 15/09/2008 1 1925 400.00 15/09/2008 English Books

© Delhi Public Library
Hit Counter
free hit counter